Statistics for Countries with Most Cancer

Click here to take the quiz!

General Stats

  • This quiz has been taken 82 times
  • The average score is 14 of 20

Answer Stats

#Country% Correct
352.2United States
100%
319.2United Kingdom
97%
344.1France
96%
313.1Germany
92%
334.0Canada
89%
468.0Australia
82%
438.1New Zealand
78%
345.8Belgium
73%
337.8Norway
72%
340.4Denmark
70%
373.7Ireland
70%
334.1Netherlands
69%
311.0Switzerland
69%
368.1Hungary
54%
313.5South Korea
53%
309.3Luxembourg
50%
297.5Slovakia
49%
307.9Serbia
47%
304.9Slovenia
47%
302.2Latvia
43%

Score Distribution

Percentile by Number Answered

Percent of People with Each Score

Your Score History

You have not taken this quiz